Consecuencias de la modernidad
Zapisane w:
| 1. autor: | |
|---|---|
| Format: | Książka |
| Język: | Undetermined |
| Wydane: |
Madrid, España
Editorial Alianza
2002
|
| Hasła przedmiotowe: | |
| Etykiety: |
Dodaj etykietę
Nie ma etykietki, Dołącz pierwszą etykiete!
|
MARC
| LEADER | 00000nam a2200000Ia 4500 | ||
|---|---|---|---|
| 008 | 170316s9999 xx 000 0 und d | ||
| 090 | |a 100 G-25.1c | ||
| 100 | |a Giddens, Anthony | ||
| 245 | |a Consecuencias de la modernidad | ||
| 260 | |a Madrid, España | ||
| 260 | |b Editorial Alianza | ||
| 260 | |c 2002 | ||
| 300 | |a 166 páginas | ||
| 650 | |a FILOSOFÍA | ||
| 650 | |a LA MODERNIDAD | ||
| 650 | |a LA POSTMODERNIDAD | ||
| 999 | |c 16281 |d 16281 | ||
| 040 | |a cru BVZT | ||
| 942 | |c 15 D |h 100 G-25.1c |2 z | ||
